000
00287nam a22001337a 4500
003
SGT
020
_a
9788176486835
082
_a
341.486
_b
SUB
100
_a
SUBRAMANYA N
245
_a
HUMAN RIGHTS AND REFUGEES
260
_a
NEW DELHI
_b
APH PUBLISHING
300
_a
509
942
_2
ddc
_c
BK
999
_c
33280
_d
33280